Sports Quiz

Random Sports or Baseball Quiz

MLB Cy Young Winners Quiz Stats

 Plays Quiz Updated Nov 14, 2018

Score 0/115 Timer 12:00
4 Plays Today
Year Player % Correct
1995 (AL)Randy Johnson
95.6%
1999 (NL)Randy Johnson
95.6%
2000 (NL)Randy Johnson
95.6%
2001 (NL)Randy Johnson
95.6%
2002 (NL)Randy Johnson
95.6%
1986 (AL)Roger Clemens
93.8%
1987 (AL)Roger Clemens
93.8%
1991 (AL)Roger Clemens
93.8%
1997 (AL)Roger Clemens
93.8%
1998 (AL)Roger Clemens
93.8%
2001 (AL)Roger Clemens
93.8%
2004 (NL)Roger Clemens
93.8%
2014 (NL)Clayton Kershaw
92.5%
2013 (NL)Clayton Kershaw
92.3%
2011 (AL)Justin Verlander
91.4%
1992 (NL)Greg Maddux
90.7%
1993 (NL)Greg Maddux
90.7%
1994 (NL)Greg Maddux
90.7%
1995 (NL)Greg Maddux
90.7%
2017 (NL) Max Scherzer
90.3%
1999 (AL)Pedro Martínez
89.2%
1997 (NL)Pedro Martínez
89.1%
2000 (AL)Pedro Martínez
89.1%
2011 (NL)Clayton Kershaw
89%
1991 (NL)Tom Glavine
88.3%
1998 (NL)Tom Glavine
88.3%
2016 (NL)Max Scherzer
88%
1996 (NL)John Smoltz
86.9%
2008 (NL)Tim Lincecum
86.8%
2004 (AL)Johan Santana
85.6%
2006 (AL)Johan Santana
85.6%
2013 (AL)Max Scherzer
85.2%
2003 (AL)Roy Halladay
85%
2017 (AL)Corey Kluber
84.8%
2012 (AL)David Price
84.4%
2018 (NL)Jacob deGrom
84.3%
2007 (AL)CC Sabathia
84.2%
2008 (AL)Cliff Lee
83.8%
1963Sandy Koufax
80.4%
Year Player % Correct
1965Sandy Koufax
80.4%
1966Sandy Koufax
80.4%
2005 (NL)Chris Carpenter
80.1%
2015 (NL)Jake Arrieta
78.1%
2002 (AL)Barry Zito
77.3%
2014 (AL)Corey Kluber
76.6%
2007 (NL)Jake Peavy
75.4%
2012 (NL)R.A. Dickey
73.3%
2015 (AL)Dallas Keuchel
71.6%
2018 (AL)Blake Snell
71.3%
2016 (AL)Rick Porcello
71%
2006 (NL)Brandon Webb
70.4%
1969 (NL)Tom Seaver
68.6%
1973 (NL)Tom Seaver
68.6%
1975 (NL)Tom Seaver
68.6%
1970 (NL)Bob Gibson
67.9%
1968 (NL)Bob Gibson
67.9%
2009 (NL)Tim Lincecum
63.5%
1972 (NL)Steve Carlton
63.1%
1980 (NL)Steve Carlton
63.1%
1982 (NL)Steve Carlton
63.1%
1977 (NL)Steve Carlton
63.1%
1973 (AL)Jim Palmer
62.6%
1975 (AL)Jim Palmer
62.6%
1976 (AL)Jim Palmer
62.6%
1992 (AL)Dennis Eckersley
61.3%
1961Whitey Ford
61%
2009 (AL)Zack Greinke
59.1%
1984 (AL)Willie Hernández
59%
1985 (NL)Dwight Gooden
58.9%
2003 (NL)Eric Gagné
56.3%
1985 (AL)Bret Saberhagen
55%
1989 (AL)Bret Saberhagen
55%
2005 (AL)Bartolo Colón
54.8%
1962Don Drysdale
54%
1981 (NL)Fernando Valenzuela
50.1%
1981 (AL)Rollie Fingers
48.6%
1994 (AL)David Cone
47.2%
1988 (NL)Orel Hershiser
46.7%
Year Player % Correct
1978 (AL)Ron Guidry
46.1%
2010 (AL)Felix Hernandez
45.8%
2010 (NL)Roy Halladay
45.4%
1974 (AL)Catfish Hunter
44.6%
1971 (AL)Vida Blue
44.2%
1971 (NL)Fergie Jenkins
44%
1957Warren Spahn
44%
1969 (AL)Denny McLain/Mike Cuellar
41.5%
1993 (AL)Jack McDowell
40.4%
1968 (AL)Denny McLain
40.2%
1986 (NL)Mike Scott
38.3%
1990 (NL)Doug Drabek
37.9%
1972 (AL)Gaylord Perry
37.4%
1978 (NL)Gaylord Perry
37.4%
1996 (AL)Pat Hentgen
37.4%
1970 (AL)Jim Perry
37.1%
1984 (NL)Rick Sutcliffe
35.9%
1988 (AL)Frank Viola
34.9%
1990 (AL)Bob Welch
34.3%
1976 (NL)Randy Jones
32.2%
1956Don Newcombe
30.4%
1980 (AL)Steve Stone
28.1%
1979 (NL)Bruce Sutter
27.1%
1989 (NL)Mark Davis
23.4%
1983 (AL)LaMarr Hoyt
23.3%
1977 (AL)Sparky Lyle
22.9%
1974 (NL)Mike Marshall
21.9%
1982 (AL)Pete Vuckovich
21.5%
1967 (AL)Jim Lonborg
21.4%
1987 (NL)Steve Bedrosian
21.2%
1979 (AL)Mike Flanagan
21.1%
1959Early Wynn
17.6%
1983 (NL)John Denny
17.1%
1960Vern Law
15.2%
1964Dean Chance
15%
1958Bob Turley
14.2%
1967 (NL)Mike McCormick
13%

You're not logged in!

Compare scores with friends on all Sporcle quizzes.
OR
Log In

Sporcle TV

Today on Sporcle TV


Watch our educational content, quiz creation guides, and fun videos on Sporcle TV.

Show Comments

Extras

Top Quizzes Today


Score Distribution

Your Account Isn't Verified!

In order to create a playlist on Sporcle, you need to verify the email address you used during registration. Go to your Sporcle Settings to finish the process.

Report this User

Report this user for behavior that violates our Community Guidelines.

Details: